000 00759nam a22001937a 4500
999 _c191675
_d191675
005 20220831124425.0
010 _aUR-11692
020 _a9789391238742
_c150.00
035 _aU-10247
037 _bDBAD/PUB
_a-
082 _a808.88
100 _aعبدالحی پیا م انصاری
245 _aکسوٹی :
_bدبستان گورکھ پور کی پیشکش /
_cعبدالحی پیا م انصاری
_hا ر د و
246 _aKasauti : Dabistan-e-Gorakhpur ki Peshkash (collection of Urdu Articles) /
_bby Abdul Hai Payam Ansari
260 _aNew Delhi
_bEducational Publishing House
_c2021 ء
270 _aH.O. D1/16, Ansari Road, Darya Ganj
_bNew Delhi
_e110002
300 _a240 ص
_c23cm(Hb)
942 _2ddc
_cUR
_h808.88
_mع ب د